[Event "POL-chT blind"]
[Site "Wagrowiec"]
[Date "2017.10.15"]
[Round "2.18"]
[White "Hagner, Pawel"]
[Black "Kowalczyk, Marian"]
[Result "1/2-1/2"]
[WhiteElo "1711"]
[BlackElo "1955"]
[PlyCount "74"]
[EventDate "2017.10.14"]
[EventType "team-tourn"]
[EventRounds "9"]
[EventCountry "POL"]
[SourceTitle "EXT 2019"]
[Source "ChessBase"]
[SourceDate "2018.10.10"]
[SourceVersion "1"]
[SourceVersionDate "2018.10.10"]
[SourceQuality "1"]

1. d4 d5 2. Nf3 c5 3. dxc5 e6 4. Bg5 f6 5. Bh4 Bxc5 6. e3 Ne7 7. c3 Nbc6 8. Nbd2 a5 9. Bd3 e5 10. Bc2 Bf5 11. e4 Be6 12. exd5 Bxd5 13. Ne4 Bxe4 14. Bxe4 Qxd1+ 15. Rxd1 g5 16. Bxc6+ Nxc6 17. Bg3 Ke7 18. Ke2 Rad8 19. Rxd8 Rxd8 20. Rd1 Rxd1 21. Kxd1 Ke6 22. Nd2 f5 23. f3 h5 24. a4 Bg1 25. h3 h4 26. Be1 Kd5 27. Ke2 Nd8 28. Kd3 Ne6 29. c4+ Kc6 30. Ke2 Nf4+ 31. Kf1 Bd4 32. Nb3 Bxb2 33. Bxa5 b6 34. Bb4 Ne6 35. Bd2 f4 36. Bb4 Nc5 37. Bxc5 bxc5 1/2-1/2

[Event "POL-chT blind"]
[Site "Wagrowiec"]
[Date "2017.10.14"]
[Round "1.7"]
[White "Kowalczyk, Marian"]
[Black "Pawelec, Bartosz"]
[Result "0-1"]
[WhiteElo "1955"]
[BlackElo "1974"]
[PlyCount "110"]
[EventDate "2017.10.14"]
[EventType "team-tourn"]
[EventRounds "9"]
[EventCountry "POL"]
[SourceTitle "EXT 2019"]
[Source "ChessBase"]
[SourceDate "2018.10.10"]
[SourceVersion "1"]
[SourceVersionDate "2018.10.10"]
[SourceQuality "1"]

1. d4 d5 2. c4 dxc4 3. Nf3 c5 4. d5 Nf6 5. Nc3 e6 6. e4 b5 7. Bg5 b4 8. Bxf6 gxf6 9. Na4 f5 10. Bxc4 fxe4 11. Ne5 Bg7 12. Bb5+ Kf8 13. Qh5 Qf6 14. Ng4 Qf5 15. Qh4 Qxd5 16. Rd1 Bd4 17. Nf6 Qe5 18. Ng4 Qf4 19. g3 Qf5 20. 0-0 h5 21. Ne3 Qg6 22. Nxc5 Bxc5 23. Rd8+ Kg7 24. Rxh8 Kxh8 25. Qd8+ Qg8 26. Qf6+ Qg7 27. Qd8+ Qf8 28. Qg5 f5 29. Qxh5+ Kg7 30. Qg5+ Kf7 31. Rd1 Be7 32. Qh5+ Kg7 33. Be8 Qf6 34. g4 Na6 35. h4 Qxh4 36. Qg6+ Kh8 37. Qf7 Qf6 38. Qh5+ Kg8 39. Bg6 Nc5 40. Kg2 Qh4 41. Bf7+ Kf8 42. Qg6 Qg5 43. Qh7 Qg7 44. Rh1 Kxf7 45. Qh5+ Qg6 46. Qh8 Bf6 47. Rh7+ Bg7 48. Nc4 Qxg4+ 49. Kf1 Ba6 50. Rxg7+ Qxg7 51. Qxa8 Bxc4+ 52. Ke1 Qg1+ 53. Kd2 Qxf2+ 54. Kd1 Qe2+ 55. Kc1 Nd3+ 0-1

[Event "POL-chT blind"]
[Site "Wagrowiec"]
[Date "2016.11.18"]
[Round "8.13"]
[White "Myszka, Zygmunt"]
[Black "Kowalczyk, Marian"]
[Result "0-1"]
[WhiteElo "1848"]
[BlackElo "1965"]
[PlyCount "67"]
[EventDate "2016.11.11"]
[EventType "team-tourn"]
[EventRounds "9"]
[EventCountry "POL"]
[SourceTitle "EXT 2019"]
[Source "ChessBase"]
[SourceDate "2018.10.10"]
[SourceVersion "1"]
[SourceVersionDate "2018.10.10"]
[SourceQuality "1"]

1. e4 c5 2. Nc3 Nc6 3. f4 e6 4. Nf3 d5 5. e5 Be7 6. d4 cxd4 7. Nxd4 Nh6 8. Bb5 Bd7 9. Bxc6 bxc6 10. 0-0 Qb6 11. Kh1 c5 12. Nf3 Nf5 13. g4 Nh6 14. h3 Bc6 15. b3 d4 16. Ne2 Qb7 17. Ng3 0-0-0 18. Kh2 f6 19. Nh5 Rhg8 20. exf6 gxf6 21. f5 Nxg4+ 22. hxg4 Rxg4 23. Kh3 exf5 24. Bf4 Be8 25. Qd3 Rd5 26. Nh2 Bxh5 27. Nxg4 Bxg4+ 28. Kh4 Bd6 29. Bxd6 Rxd6 30. c3 Qg2 31. Qg3 Qc6 32. cxd4 Rxd4 33. Rae1 Qd7 34. Qg2 0-1

[Event "POL-chT blind"]
[Site "Wagrowiec"]
[Date "2016.11.15"]
[Round "5.2"]
[White "Krynicki, Henryk"]
[Black "Kowalczyk, Marian"]
[Result "0-1"]
[WhiteElo "1749"]
[BlackElo "1965"]
[PlyCount "74"]
[EventDate "2016.11.11"]
[EventType "team-tourn"]
[EventRounds "9"]
[EventCountry "POL"]
[SourceTitle "EXT 2019"]
[Source "ChessBase"]
[SourceDate "2018.10.10"]
[SourceVersion "1"]
[SourceVersionDate "2018.10.10"]
[SourceQuality "1"]

1. e4 e5 2. Bc4 Nf6 3. Qe2 Nc6 4. c3 d6 5. h3 Be7 6. Nf3 0-0 7. 0-0 Na5 8. Bb5 a6 9. Ba4 b5 10. Bc2 Bb7 11. a4 Qd7 12. d3 h6 13. b4 Nc6 14. Re1 Rfe8 15. Bd2 Bf8 16. Na3 Na7 17. axb5 Nxb5 18. c4 Nd4 19. Nxd4 exd4 20. Qd1 c5 21. Ba4 Bc6 22. b5 axb5 23. cxb5 Bb7 24. Nc4 Qd8 25. b6 Re7 26. Qb3 d5 27. Na5 dxe4 28. Nc6 Bxc6 29. Bxc6 Rb8 30. b7 exd3 31. Rxe7 Bxe7 32. Qxd3 Bd6 33. Re1 Qc7 34. Qf3 c4 35. Bxh6 gxh6 36. Qxf6 Qxc6 37. Qxh6 Bh2+ 0-1

[Event "POL-chT blind"]
[Site "Wagrowiec"]
[Date "2016.11.11"]
[Round "1.10"]
[White "Chojnowski, Marcin"]
[Black "Kowalczyk, Marian"]
[Result "1-0"]
[WhiteElo "2012"]
[BlackElo "1965"]
[PlyCount "98"]
[EventDate "2016.11.11"]
[EventType "team-tourn"]
[EventRounds "9"]
[EventCountry "POL"]
[SourceTitle "EXT 2019"]
[Source "ChessBase"]
[SourceDate "2018.10.10"]
[SourceVersion "1"]
[SourceVersionDate "2018.10.10"]
[SourceQuality "1"]

1. d4 d5 2. Nf3 Nf6 3. c4 e6 4. g3 c5 5. cxd5 exd5 6. Bg2 cxd4 7. 0-0 Nc6 8. Nxd4 Bc5 9. Nb3 Be7 10. Nc3 Be6 11. Bf4 0-0 12. Rc1 Rc8 13. Nb5 Qb6 14. N5d4 Nxd4 15. Qxd4 Rc6 16. Be5 Rfc8 17. Qxb6 axb6 18. Bc3 Ne4 19. Bxe4 dxe4 20. Nd4 Rd6 21. Nxe6 Rxe6 22. e3 Rec6 23. Rcd1 f5 24. Rd7 R8c7 25. Rfd1 Bf6 26. Bxf6 gxf6 27. Rxc7 Rxc7 28. Rd6 Rc6 29. Rd8+ Kf7 30. Rd7+ Kg6 31. Rxb7 h6 32. Kg2 Kg5 33. b4 Kg6 34. a4 Rd6 35. b5 Re6 36. Kg1 Rd6 37. Kf1 Re6 38. Ke2 Kg5 39. h3 Kg6 40. Rc7 Re8 41. Rc6 Ra8 42. Rxb6 Rxa4 43. Kd2 Ra2+ 44. Kc3 Rxf2 45. Rb8 Rf3 46. Kd4 Kf7 47. b6 Rf1 48. b7 Rb1 49. Rh8 Kg7 1-0

[Event "Krynica Cross-ch sf"]
[Site "Krynica"]
[Date "2012.03.??"]
[Round "9"]
[White "Kowalczyk, Marian"]
[Black "Przewoznik, Emil"]
[Result "1-0"]
[WhiteElo "1991"]
[BlackElo "2012"]
[PlyCount "61"]
[EventDate "2012.03.??"]
[EventType "swiss"]
[EventRounds "9"]
[EventCountry "POL"]
[SourceTitle "EXT 2014"]
[Source "ChessBase"]
[SourceDate "2013.11.20"]
[SourceVersion "1"]
[SourceVersionDate "2013.11.20"]
[SourceQuality "1"]

1. e4 e5 2. Nf3 Nc6 3. d4 exd4 4. Nxd4 Bc5 5. Be3 Qf6 6. c3 Nge7 7. g3 d5 8. Bg2 dxe4 9. Nb5 Bd6 10. Nd2 Bf5 11. Nxe4 Bxe4 12. Bxe4 0-0 13. Nxd6 Rad8 14. Qc2 Rxd6 15. Bxh7+ Kh8 16. Be4 Rfd8 17. Qe2 Qe5 18. Bf4 Qc5 19. Bxd6 Rxd6 20. 0-0 f5 21. Qh5+ Rh6 22. Qe8+ Kh7 23. Bg2 Ne5 24. b4 Qd6 25. Rad1 Qf6 26. h3 f4 27. Be4+ g6 28. gxf4 Rxh3 29. fxe5 Qxe5 30. Bxg6+ Nxg6 31. Qd7+ 1-0

[Event "Krynica Cross-ch sf"]
[Site "Krynica"]
[Date "2012.03.??"]
[Round "8"]
[White "Wojcieszyn, Zdzislaw"]
[Black "Kowalczyk, Marian"]
[Result "1-0"]
[WhiteElo "1967"]
[BlackElo "1991"]
[PlyCount "93"]
[EventDate "2012.03.??"]
[EventType "swiss"]
[EventRounds "9"]
[EventCountry "POL"]
[SourceTitle "EXT 2014"]
[Source "ChessBase"]
[SourceDate "2013.11.20"]
[SourceVersion "1"]
[SourceVersionDate "2013.11.20"]
[SourceQuality "1"]

1. c4 c5 2. g3 Nc6 3. Nf3 e5 4. d3 g6 5. Bg5 f6 6. Bd2 Nge7 7. Bg2 d6 8. Nc3 Be6 9. e4 Bg7 10. Nd5 0-0 11. a3 a5 12. Nxe7+ Qxe7 13. 0-0 Bg4 14. h3 Be6 15. Kh2 Nd4 16. Nxd4 cxd4 17. Qb3 Qc7 18. Rfc1 Rfb8 19. Qc2 Rc8 20. Qa4 Bd7 21. Qd1 b6 22. h4 h5 23. b3 Be6 24. f4 Bg4 25. Bf3 Bxf3 26. Qxf3 Qf7 27. f5 Kh7 28. Rf1 Rf8 29. b4 Bh6 30. Bxh6 Kxh6 31. bxa5 Rxa5 32. Rfb1 Ra6 33. Rb3 g5 34. hxg5+ fxg5 35. Rab1 g4 36. Qe2 Rb8 37. Qd2+ Kh7 38. Qg5 Rg8 39. Qd2 Qc7 40. R1b2 Qd8 41. Kg1 Rg7 42. Qc1 Rga7 43. Rh2 Qe8 44. Qg5 Rg7 45. Rxh5+ Kg8 46. Qh4 Qa8 47. Rh8+ 1-0

[Event "Krynica Cross-ch sf"]
[Site "Krynica"]
[Date "2012.03.??"]
[Round "3"]
[White "Wolanski, Michal"]
[Black "Kowalczyk, Marian"]
[Result "0-1"]
[WhiteElo "1961"]
[BlackElo "1991"]
[PlyCount "64"]
[EventDate "2012.03.??"]
[EventType "swiss"]
[EventRounds "9"]
[EventCountry "POL"]
[SourceTitle "EXT 2014"]
[Source "ChessBase"]
[SourceDate "2013.11.20"]
[SourceVersion "1"]
[SourceVersionDate "2013.11.20"]
[SourceQuality "1"]

1. c4 c5 2. Nf3 Nc6 3. d4 cxd4 4. Nxd4 Nf6 5. Nc3 e6 6. a3 d5 7. Nxc6 bxc6 8. cxd5 cxd5 9. e3 Bd7 10. b4 Bd6 11. Bd3 0-0 12. 0-0 Qc7 13. Bb2 Bxh2+ 14. Kh1 Bd6 15. Nb5 Bxb5 16. Bxb5 Qe7 17. Qd4 e5 18. Qh4 Qe6 19. Rac1 Rac8 20. f4 exf4 21. exf4 Ne4 22. Bd3 Be7 23. Qe1 Qh6+ 24. Kg1 Bh4 25. g3 Bxg3 26. Qe2 Bxf4 27. Rxc8 Be3+ 28. Kg2 Qg5+ 29. Kh2 Bf4+ 30. Rxf4 Qxf4+ 31. Kg2 Rxc8 32. Bb1 Rc6 0-1

[Event "POL-ch sf blind"]
[Site "Zawoja Osrodek"]
[Date "2011.??.??"]
[Round "1"]
[White "Kowalczyk, Marian"]
[Black "Baryla, Lukasz"]
[Result "1-0"]
[WhiteElo "1992"]
[BlackElo "1812"]
[PlyCount "78"]
[EventDate "2011.??.??"]
[EventType "swiss"]
[EventRounds "9"]
[EventCountry "POL"]
[SourceTitle "EXT 2013"]
[Source "ChessBase"]
[SourceDate "2012.11.22"]
[SourceVersion "1"]
[SourceVersionDate "2012.11.22"]
[SourceQuality "1"]

1. e4 e6 2. Nf3 d5 3. e5 c5 4. c3 Ne7 5. d4 Nec6 6. Be2 Nd7 7. 0-0 cxd4 8. cxd4 Be7 9. Nc3 0-0 10. a3 f6 11. exf6 Nxf6 12. Re1 a6 13. Bg5 Qb6 14. b4 Bd6 15. Rc1 Ne4 16. Be3 Nxc3 17. Rxc3 Bd7 18. Bd3 h6 19. Bb1 Kf7 20. Qd3 Rg8 21. Qg6+ Kf8 22. Nh4 Qd8 23. g3 Nxb4 24. axb4 Bxb4 25. Bd2 Bxc3 26. Bxc3 a5 27. Re3 Qe8 28. Qg4 Ke7 29. Bg6 Qc8 30. Nf5+ Kd8 31. Nd6 Qc6 32. Nf7+ Kc7 33. Qf4+ Kb6 34. Ne5 Qc7 35. Qf3 Rgf8 36. Qe2 Bb5 37. Qb2 Rf6 38. Bd3 Ka6 39. Qxb5+ Ka7 1-0

[Event "POL-ch sf blind"]
[Site "Zawoja Osrodek"]
[Date "2011.??.??"]
[Round "9"]
[White "Kowalczyk, Marian"]
[Black "Staruch, Roman"]
[Result "1/2-1/2"]
[WhiteElo "1992"]
[BlackElo "1950"]
[PlyCount "85"]
[EventDate "2011.??.??"]
[EventType "swiss"]
[EventRounds "9"]
[EventCountry "POL"]
[SourceTitle "EXT 2013"]
[Source "ChessBase"]
[SourceDate "2012.11.22"]
[SourceVersion "1"]
[SourceVersionDate "2012.11.22"]
[SourceQuality "1"]

1. e4 d5 2. exd5 Nf6 3. d4 Nxd5 4. c4 Nb6 5. Nf3 g6 6. c5 Nd5 7. Nc3 Bg7 8. Bc4 Nxc3 9. bxc3 0-0 10. 0-0 b6 11. cxb6 axb6 12. Re1 e6 13. Bg5 Bf6 14. Bxf6 Qxf6 15. Ne5 Rd8 16. Re3 Rf8 17. Rf3 Qe7 18. Ng4 Nd7 19. Qd2 Ra5 20. Re1 Qg5 21. Ne3 Bb7 22. Rg3 Qf4 23. Rg4 Qh6 24. Qe2 Nf6 25. Rg3 Ne4 26. Rh3 Qg5 27. Qc2 Rfa8 28. f3 Nd6 29. Bb3 c5 30. Rg3 Qh5 31. Ng4 Qh4 32. Qd2 cxd4 33. Rh3 Qg5 34. Qxd4 Ne8 35. Nh6+ Kf8 36. Qxb6 Qc5+ 37. Qxc5+ Rxc5 38. c4 Ng7 39. Ng4 Nh5 40. Ne5 Rd8 41. Rh4 Kg7 42. g4 Nf6 43. f4 1/2-1/2

[Event "POL-ch sf blind"]
[Site "Zawoja Osrodek"]
[Date "2011.??.??"]
[Round "5"]
[White "Traczyk, Tadeusz"]
[Black "Kowalczyk, Marian"]
[Result "0-1"]
[WhiteElo "1914"]
[BlackElo "1992"]
[PlyCount "105"]
[EventDate "2011.??.??"]
[EventType "swiss"]
[EventRounds "9"]
[EventCountry "POL"]
[SourceTitle "EXT 2013"]
[Source "ChessBase"]
[SourceDate "2012.11.22"]
[SourceVersion "1"]
[SourceVersionDate "2012.11.22"]
[SourceQuality "1"]

1. e4 c5 2. Nc3 Nc6 3. f4 e6 4. Nf3 d5 5. d3 d4 6. Ne2 Nf6 7. c3 dxc3 8. Nxc3 Be7 9. e5 Nd5 10. Ne4 f5 11. Nc3 0-0 12. Be2 Rb8 13. 0-0 b5 14. a3 a6 15. Kh1 b4 16. Nxd5 Qxd5 17. Qc2 Bb7 18. Be3 bxa3 19. bxa3 Rfc8 20. Qa2 Na5 21. Qxd5 exd5 22. Nd2 d4 23. Bf2 Bd5 24. Rfb1 g5 25. fxg5 Bxg5 26. Bf3 Bxf3 27. Nxf3 Bf4 28. g3 Bh6 29. Nh4 Nb3 30. Ra2 Nc1 31. Rxb8 Rxb8 32. Rc2 Nxd3 33. Nxf5 Nxf2+ 34. Rxf2 Be3 35. Re2 Re8 36. Kg2 Rxe5 37. Nxe3 dxe3 38. Kf3 Kf7 39. Rxe3 Rf5+ 40. Ke4 Ke6 41. Rd3 Re5+ 42. Kf4 Re2 43. h4 h5 44. g4 hxg4 45. Kxg4 c4 46. Rc3 Kd5 47. h5 Kd4 48. Rh3 c3 49. h6 c2 50. Rh1 Kc3 51. h7 Re8 52. Kg5 Kb2 53. Kg6 0-1

[Event "POL-ch sf blind"]
[Site "Zawoja Osrodek"]
[Date "2010.04.15"]
[Round "8.3"]
[White "Kowalczyk, Marian"]
[Black "Kulpinski, Piotr"]
[Result "0-1"]
[WhiteElo "2028"]
[BlackElo "2019"]
[PlyCount "124"]
[EventDate "2010.04.08"]
[EventType "swiss"]
[EventRounds "9"]
[EventCountry "POL"]
[SourceTitle "EXT 2023"]
[Source "ChessBase"]
[SourceDate "2022.10.05"]
[SourceVersion "1"]
[SourceVersionDate "2022.10.05"]
[SourceQuality "1"]

1. d4 d5 2. c4 c6 3. Nc3 Nf6 4. Nf3 e6 5. Bg5 h6 6. Bh4 dxc4 7. a4 Bb4 8. Bxf6 gxf6 9. e3 b5 10. Be2 Bb7 11. 0-0 a6 12. Qc2 Nd7 13. Rfd1 Nb6 14. axb5 axb5 15. Rxa8 Qxa8 16. e4 Rg8 17. Qc1 Bf8 18. Qf4 Nd7 19. Rc1 Qb8 20. Qe3 Bd6 21. Qxh6 Bf4 22. Qh7 Ke7 23. Ra1 Rh8 24. Qg7 Bxh2+ 25. Kf1 Bf4 26. g3 Rg8 27. Qh7 Rh8 28. Qg7 Rg8 29. Qh7 Rh8 30. Qg7 Bd2 31. Kg2 Bxc3 32. bxc3 c5 33. Qg4 cxd4 34. Nxd4 Ne5 35. Qf4 f5 36. f3 fxe4 37. fxe4 Nd7 38. Bf3 Nc5 39. Qg5+ Kd7 40. Qxc5 Rc8 41. Qxb5+ Ke7 42. Qb4+ Ke8 43. Rh1 Kd7 44. Qb5+ Bc6 45. Qxb8 Rxb8 46. Rh7 Rf8 47. Kf2 Bb7 48. Ke3 Ke7 49. Be2 Rg8 50. g4 Rg5 51. Kf4 Ra5 52. Bxc4 e5+ 53. Ke3 exd4+ 54. Kxd4 Bc8 55. Rxf7+ Ke8 56. Rc7 Bxg4 57. Rh7 Ra1 58. e5 Rc1 59. Bd5 Rd1+ 60. Kc5 Re1 61. Kd6 Kf8 62. e6 Kg8 0-1

[Event "POL-ch sf blind"]
[Site "Zawoja Osrodek"]
[Date "2010.04.10"]
[Round "2.7"]
[White "Kowalczyk, Marian"]
[Black "Mackowiak, Marek"]
[Result "0-1"]
[WhiteElo "2028"]
[BlackElo "2236"]
[PlyCount "62"]
[EventDate "2010.04.08"]
[EventType "swiss"]
[EventRounds "9"]
[EventCountry "POL"]
[SourceTitle "EXT 2023"]
[Source "ChessBase"]
[SourceDate "2022.10.05"]
[SourceVersion "1"]
[SourceVersionDate "2022.10.05"]
[SourceQuality "1"]

1. e4 e5 2. Nf3 d6 3. d4 exd4 4. Nxd4 g6 5. Nc3 Bg7 6. Bc4 Nf6 7. 0-0 0-0 8. h3 a6 9. a4 c6 10. Be3 Re8 11. Qf3 Nbd7 12. Ba2 Nc5 13. Bg5 h6 14. Bxf6 Qxf6 15. Rad1 Qxf3 16. Nxf3 Bxc3 17. bxc3 Nxe4 18. Rfe1 d5 19. c4 Be6 20. cxd5 cxd5 21. Rd3 Rac8 22. Bb3 Red8 23. Nd4 Kg7 24. f3 Nc5 25. Rde3 Kf6 26. Kf2 Rd6 27. Ke2 Rb6 28. Kd2 Rb4 29. Nxe6 fxe6 30. g3 Rc6 31. a5 d4 0-1

[Event "POL-chT Blind Gr A"]
[Site "Zakopane"]
[Date "2008.03.18"]
[Round "10.13"]
[White "Wyrzykowski, Jozef"]
[Black "Kowalczyk, Marian"]
[Result "0-1"]
[WhiteElo "1841"]
[BlackElo "2016"]
[PlyCount "80"]
[EventDate "2008.03.09"]
[EventType "team-swiss"]
[EventRounds "10"]
[EventCountry "POL"]
[SourceTitle "EXT 2019"]
[Source "ChessBase"]
[SourceDate "2018.10.10"]
[SourceVersion "1"]
[SourceVersionDate "2018.10.10"]
[SourceQuality "1"]

1. e4 c5 2. b3 Nc6 3. Bb2 e5 4. Nf3 Be7 5. Be2 d6 6. Nc3 Nf6 7. d3 0-0 8. h3 Nd4 9. Qd2 Bd7 10. Bd1 b5 11. Nxd4 cxd4 12. Nd5 Nxd5 13. exd5 Bg5 14. Qb4 Qc7 15. 0-0 a5 16. Qe1 a4 17. Qb4 axb3 18. Qxb3 Qc5 19. Bc1 Bxc1 20. Rxc1 Ra3 21. Qb2 Rfa8 22. Ra1 R8a7 23. Bf3 f6 24. Be4 f5 25. Bf3 Be8 26. Rfb1 R7a5 27. Rc1 Bf7 28. c4 dxc3 29. Qe2 b4 30. Qd1 Rxa2 31. Rxa2 Rxa2 32. Ra1 Qxf2+ 33. Kh2 Qb2 34. Rxa2 Qxa2 35. Qg1 c2 36. Qb6 h6 37. Qd8+ Kh7 38. Qxd6 c1Q 39. Qxe5 Qaa1 40. Qxf5+ Bg6 0-1

[Event "POL-chT Blind Gr A"]
[Site "Zakopane"]
[Date "2008.03.15"]
[Round "7.8"]
[White "Hagner, Pawel"]
[Black "Kowalczyk, Marian"]
[Result "1-0"]
[WhiteElo "1895"]
[BlackElo "2016"]
[PlyCount "61"]
[EventDate "2008.03.09"]
[EventType "team-swiss"]
[EventRounds "10"]
[EventCountry "POL"]
[SourceTitle "EXT 2019"]
[Source "ChessBase"]
[SourceDate "2018.10.10"]
[SourceVersion "1"]
[SourceVersionDate "2018.10.10"]
[SourceQuality "1"]

1. d4 Nf6 2. Nf3 b6 3. Bg5 Bb7 4. e3 d6 5. c3 Nbd7 6. Nbd2 h6 7. Bh4 e5 8. Bc4 Be7 9. dxe5 dxe5 10. 0-0 0-0 11. Qc2 c5 12. Bg3 Qc7 13. Nh4 Qc6 14. Ndf3 Ne4 15. Nf5 Bf6 16. Rad1 Nxg3 17. hxg3 Rad8 18. Rd6 Qe4 19. Bd3 Qg4 20. Nh2 Qg5 21. f4 exf4 22. exf4 Qg6 23. Ne7+ Bxe7 24. Rxg6 fxg6 25. Bxg6 c4 26. Be4 Bc5+ 27. Kh1 Bxe4 28. Qxe4 b5 29. Nf3 Nf6 30. Qe6+ Kh7 31. Qf5+ 1-0

[Event "POL-chT Blind Gr A"]
[Site "Zakopane"]
[Date "2008.03.13"]
[Round "5.13"]
[White "Kowalczyk, Marian"]
[Black "Wyrzykowski, Jozef"]
[Result "1-0"]
[WhiteElo "2016"]
[BlackElo "1841"]
[PlyCount "73"]
[EventDate "2008.03.09"]
[EventType "team-swiss"]
[EventRounds "10"]
[EventCountry "POL"]
[SourceTitle "EXT 2019"]
[Source "ChessBase"]
[SourceDate "2018.10.10"]
[SourceVersion "1"]
[SourceVersionDate "2018.10.10"]
[SourceQuality "1"]

1. e4 e5 2. Nf3 Nc6 3. d4 exd4 4. Nxd4 Nxd4 5. Qxd4 d6 6. Bc4 Qf6 7. Qd3 Be6 8. Nc3 a6 9. 0-0 Qg6 10. Be3 Ne7 11. f4 f5 12. Bxe6 Qxe6 13. Rae1 0-0-0 14. Bf2 h5 15. Bh4 fxe4 16. Rxe4 Qd7 17. Rfe1 g5 18. Bxg5 Rh7 19. Nd5 Nxd5 20. Bxd8 Ne7 21. Bxe7 Rxe7 22. Rxe7 Bxe7 23. Qh7 Bf6 24. Qg8+ Bd8 25. Re8 c6 26. f5 Kc7 27. Qe6 Qg7 28. c3 h4 29. Qg6 Qd7 30. Rf8 Kb6 31. Rf7 Qc8 32. Qxd6 Ka7 33. c4 Bb6+ 34. c5 Ba5 35. Rf8 Qc7 36. f6 Qxd6 37. cxd6 1-0

[Event "POL-ch blind 36th"]
[Site "Poznan"]
[Date "2007.06.18"]
[Round "8"]
[White "Kowalczyk, Marian"]
[Black "Iwancio, Lukasz"]
[Result "1-0"]
[WhiteElo "2017"]
[BlackElo "1966"]
[PlyCount "87"]
[EventDate "2007.06.12"]
[EventType "tourn"]
[EventRounds "11"]
[EventCountry "POL"]
[SourceTitle "EXT 2011"]
[Source "ChessBase"]
[SourceDate "2010.11.26"]
[SourceVersion "1"]
[SourceVersionDate "2010.11.26"]
[SourceQuality "1"]

1. e4 e5 2. Nf3 Nc6 3. Bb5 f5 4. Nc3 Bc5 5. 0-0 d6 6. d4 exd4 7. Bg5 Nf6 8. Nxd4 Bd7 9. Nxf5 Bxf5 10. exf5 0-0 11. Ne4 Ne5 12. Nxf6+ gxf6 13. Bh6 Rf7 14. Kh1 c6 15. Be2 Qc7 16. Qd2 Re7 17. b4 Bb6 18. Rad1 d5 19. Bf4 Kh8 20. Qc3 a6 21. g4 Qd7 22. f3 Rg8 23. Bd3 d4 24. Qb3 Nxd3 25. Rxd3 Bc7 26. Bxc7 Qxc7 27. Rd2 Rge8 28. Qd3 Rd7 29. Re2 Rxe2 30. Qxe2 Re7 31. Qd2 Qe5 32. Kg2 b6 33. Rf2 Kg7 34. Kf1 Qd5 35. Qd3 a5 36. bxa5 bxa5 37. Re2 Rb7 38. Qe4 Qc5 39. Rd2 Rd7 40. Re2 Qb5 41. Kg2 c5 42. Qe8 d3 43. Re7+ Kh6 44. Qh5# 1-0

[Event "POL-ch blind 35th"]
[Site "Krynica"]
[Date "2006.06.19"]
[Round "13"]
[White "Iwancio, Lukasz"]
[Black "Kowalczyk, Marian"]
[Result "0-1"]
[WhiteElo "1960"]
[BlackElo "2047"]
[PlyCount "90"]
[EventDate "2006.06.09"]
[EventType "tourn"]
[EventRounds "13"]
[EventCountry "POL"]
[SourceTitle "EXT 2019"]
[Source "ChessBase"]
[SourceDate "2018.10.10"]
[SourceVersion "1"]
[SourceVersionDate "2018.10.10"]
[SourceQuality "1"]

1. e4 e5 2. Nf3 Nc6 3. Bc4 Nf6 4. Ng5 d5 5. exd5 Na5 6. Bb5+ c6 7. dxc6 bxc6 8. Be2 h6 9. Nf3 e4 10. Ne5 Bd6 11. d4 Qc7 12. Bf4 0-0 13. Bg3 Rb8 14. b3 c5 15. Ng4 Bxg4 16. Bxg4 Nxg4 17. Qxg4 cxd4 18. Bxd6 Qxd6 19. 0-0 f5 20. Qe2 Rbc8 21. Rd1 Qc5 22. Qd2 Nc6 23. a4 Rfd8 24. Na3 e3 25. Qd3 exf2+ 26. Kxf2 Ne5 27. Qb5 Ng4+ 28. Kg1 Qd6 29. g3 Rc5 30. Nc4 Qc7 31. Qb4 f4 32. Qe1 Ne3 33. Nxe3 fxe3 34. c4 Re5 35. Qe2 Qb6 36. Rd3 Rf5 37. Rf1 Rdf8 38. Rxf5 Rxf5 39. Qg2 Re5 40. Qe2 a5 41. Kg2 Rf5 42. Kg1 Qf6 43. Qg2 Qe5 44. Qe2 Qe4 45. Rd1 Rf2 0-1

[Event "POL-ch blind 35th"]
[Site "Krynica"]
[Date "2006.06.17"]
[Round "11"]
[White "Gunajew, Rafal"]
[Black "Kowalczyk, Marian"]
[Result "1-0"]
[WhiteElo "2266"]
[BlackElo "2047"]
[PlyCount "65"]
[EventDate "2006.06.09"]
[EventType "tourn"]
[EventRounds "13"]
[EventCountry "POL"]
[SourceTitle "EXT 2019"]
[Source "ChessBase"]
[SourceDate "2018.10.10"]
[SourceVersion "1"]
[SourceVersionDate "2018.10.10"]
[SourceQuality "1"]

1. e4 e5 2. Nc3 Nc6 3. f4 d6 4. Nf3 Bg4 5. Be2 Nf6 6. 0-0 Be7 7. d3 0-0 8. Be3 Re8 9. Qd2 Qd7 10. h3 Bxf3 11. Bxf3 Nd4 12. Bd1 c5 13. Ne2 Rad8 14. Ng3 Qc7 15. c3 Nc6 16. Nf5 Bf8 17. Bb3 d5 18. fxe5 Nxe5 19. Nh6+ gxh6 20. Rxf6 dxe4 21. Bxh6 c4 22. Qg5+ Kh8 23. dxc4 Nxc4 24. Bxf8 Rxf8 25. Rf4 f5 26. Rxf5 Rxf5 27. Qxf5 Qe5 28. Qxe5+ Nxe5 29. Re1 Nd3 30. Rxe4 Nxb2 31. Re7 Rb8 32. Rd7 a6 33. Rd2 1-0

[Event "POL-ch blind 35th"]
[Site "Krynica"]
[Date "2006.06.14"]
[Round "8"]
[White "Sargalski, Andrzej"]
[Black "Kowalczyk, Marian"]
[Result "1/2-1/2"]
[WhiteElo "2028"]
[BlackElo "2047"]
[PlyCount "34"]
[EventDate "2006.06.09"]
[EventType "tourn"]
[EventRounds "13"]
[EventCountry "POL"]
[SourceTitle "EXT 2019"]
[Source "ChessBase"]
[SourceDate "2018.10.10"]
[SourceVersion "1"]
[SourceVersionDate "2018.10.10"]
[SourceQuality "1"]

1. e4 c5 2. d4 cxd4 3. Qxd4 Nc6 4. Qd1 Nf6 5. Nc3 e6 6. Bd3 Bc5 7. Nf3 0-0 8. 0-0 Qc7 9. h3 d5 10. exd5 exd5 11. Bg5 Be6 12. Bxf6 gxf6 13. Qd2 Ne5 14. Nxe5 Qxe5 15. Qh6 f5 16. Rae1 Qg7 17. Qxg7+ Kxg7 1/2-1/2

[Event "POL-ch blind 35th"]
[Site "Krynica"]
[Date "2006.06.13"]
[Round "7"]
[White "Kowalczyk, Marian"]
[Black "Zoltek, Tadeusz"]
[Result "1/2-1/2"]
[WhiteElo "2047"]
[BlackElo "2285"]
[PlyCount "109"]
[EventDate "2006.06.09"]
[EventType "tourn"]
[EventRounds "13"]
[EventCountry "POL"]
[SourceTitle "EXT 2019"]
[Source "ChessBase"]
[SourceDate "2018.10.10"]
[SourceVersion "1"]
[SourceVersionDate "2018.10.10"]
[SourceQuality "1"]

1. e4 c5 2. Nf3 Nc6 3. d4 cxd4 4. Nxd4 e5 5. Nb5 d6 6. c4 Be7 7. Be3 Be6 8. Be2 Nf6 9. N1c3 a6 10. Na3 0-0 11. 0-0 Rc8 12. f3 Na5 13. Nd5 Nd7 14. Qd2 Nc6 15. Rfd1 Re8 16. Nxe7+ Qxe7 17. Qxd6 Nd4 18. Qxe7 Nxe2+ 19. Kf2 Rxe7 20. Kxe2 Kf8 21. b3 Ke8 22. Rd2 Nb8 23. Rad1 Nc6 24. Bc5 Rec7 25. Bb6 Rd7 26. Nc2 f6 27. Ne3 Rxd2+ 28. Rxd2 Ne7 29. Rd6 Bd7 30. a3 Ra8 31. Nd5 Nxd5 32. Rxd5 Rc8 33. a4 Rc6 34. a5 Rc8 35. Kd2 Bc6 36. Rd3 Kf7 37. Kc3 g6 38. Kb4 f5 39. exf5 gxf5 40. Rd8 Rxd8 41. Bxd8 f4 42. Kc5 Ke6 43. Bh4 e4 44. fxe4 Bxe4 45. g4 fxg3 46. Bxg3 Kd7 47. b4 Kc8 48. b5 axb5 49. cxb5 Bf3 50. Kb6 h5 51. a6 bxa6 52. Kxa6 Be2 53. Kb6 Bf1 54. Kc6 Bg2+ 55. Kb6 1/2-1/2